| 000 -LEADER |
| fixed length control field |
01303cam a22003018i 4500 |
| 003 - CONTROL NUMBER IDENTIFIER |
| control field |
OSt |
| 005 - DATE AND TIME OF LATEST TRANSACTION |
| control field |
20260305154244.0 |
| 008 - FIXED-LENGTH DATA ELEMENTS--GENERAL INFORMATION |
| fixed length control field |
170118s2017 nyu b 000 0 eng |
| 020 ## - INTERNATIONAL STANDARD BOOK NUMBER |
| International Standard Book Number |
9781580934886 |
| Qualifying information |
hardback |
| 042 ## - AUTHENTICATION CODE |
| Authentication code |
pcc |
| 043 ## - GEOGRAPHIC AREA CODE |
| Geographic area code |
e-gr--- |
| 050 00 - LIBRARY OF CONGRESS CALL NUMBER |
| Classification number |
NA6811.5.G8 |
| Item number |
N49 2017 |
| 082 00 - DEWEY DECIMAL CLASSIFICATION NUMBER |
| Classification number |
720.1/03 |
| Edition number |
23 |
| 084 ## - OTHER CLASSIFICATION NUMBER |
| Classification number |
ARC011000 |
| -- |
ARC001000 |
| -- |
ARC005080 |
| Source of number |
bisacsh |
| 100 1# - MAIN ENTRY--PERSONAL NAME |
| Personal name |
Newhouse, Victoria, |
| Relator term |
author. |
| 245 10 - TITLE STATEMENT |
| Title |
Chaos and culture : |
| Remainder of title |
Renzo Piano Building Workshop and the Stavros Niarchos Foundation Cultural Center in Athens / |
| Statement of responsibility, etc |
Victoria Newhouse. |
| 300 ## - PHYSICAL DESCRIPTION |
| Extent |
272 pages ; |
| Dimensions |
28 cm |
| 504 ## - BIBLIOGRAPHY, ETC. NOTE |
| Bibliography, etc |
Includes bibliographical references. |
| 520 ## - SUMMARY, ETC. |
| Summary, etc |
"A history of the design and construction of the Niarchos Foundation Cultural Center in Athens set against the background of the economic and political crisis in Greece"-- |
| 610 20 - SUBJECT ADDED ENTRY--CORPORATE NAME |
| Corporate name or jurisdiction name as entry element |
Stavros Niarchos Foundation Cultural Center. |
| 610 20 - SUBJECT ADDED ENTRY--CORPORATE NAME |
| Corporate name or jurisdiction name as entry element |
Renzo Piano Building Workshop. |
| 650 #0 - SUBJECT ADDED ENTRY--TOPICAL TERM |
| Topical term or geographic name as entry element |
Architecture and society |
| Geographic subdivision |
Greece |
| General subdivision |
History |
| Chronological subdivision |
21st century. |
| 650 #7 - SUBJECT ADDED ENTRY--TOPICAL TERM |
| Topical term or geographic name as entry element |
ARCHITECTURE / Buildings / Public, Commercial & Industrial. |
| Source of heading or term |
bisacsh |
| 650 #7 - SUBJECT ADDED ENTRY--TOPICAL TERM |
| Topical term or geographic name as entry element |
ARCHITECTURE / Criticism. |
| Source of heading or term |
bisacsh |
| 650 #7 - SUBJECT ADDED ENTRY--TOPICAL TERM |
| Topical term or geographic name as entry element |
ARCHITECTURE / History / Contemporary (1945-). |
| Source of heading or term |
bisacsh |
| 651 #0 - SUBJECT ADDED ENTRY--GEOGRAPHIC NAME |
| Geographic name |
Athens (Greece) |
| General subdivision |
Buildings, structures, etc. |
| 942 ## - ADDED ENTRY ELEMENTS (KOHA) |
| Source of classification or shelving scheme |
|